000 00800nam a22002777a 4500
005 20170124105923.0
010 _aB-86644
020 _c00.00
_a8129105241
035 _aB-86644
037 _bCen Lib/Ret
040 _aDPL
_bEN
082 _a320.011
100 _aShourie, Arun
_95431
245 _aGovernance and the sclerosis that has set in /
_cby Arun Shourie
260 _aNew Delhi
_bASA publictions
_c2004
270 _bNew Delhi
_aA-31, west road
300 _a262p.
_c21cm(Hb)
500 _aIncludes index
650 _aGovernmet
_95432
650 _aSclerosis
_95433
650 _a सरकार
_9102
650 _aस्केलेरोसिस
_95434
700 _aRamakant
_95414
700 _aUpreti, B.C
_95415
942 _2ddc
_cEN
_h320.011
_mSHO
999 _c123329
_d123329